Cultura general por letra - M - Estadísticas

Estadísticas generales
  • Esta prueba ha sido intentada 4.682 veces
    3.802 desde el último reinicio
  • La puntuación promedio es 15 de 20
Estadísticas de respuestas
Pista Respuesta % Correcto
Quinto mes del año Mayo
97%
No se especifica en La Biblia, pero se dice que éste era el fruto que Eva probó Manzana
96%
El planeta rojo Marte
96%
Compañía productora de cómics y películas de superhéroes Marvel
93%
Juego de mesa que utiliza billetes, fichas, hoteles y tarjetas. Su primera versión se basó en Atlantic City Monopoly
92%
Mar que separa el sur de Europa con el norte de África Mediterráneo
90%
Cantante estadounidense, originario de una banda con sus hermanos, como solista tuvo éxitos comp "Thriller" y "Love never felt so good" Michael Jackson
88%
Mascota oficial de The Walt Disney Company Mickey Mouse
87%
Gusano que, tras pasar un proceso de crisálida, se convierte en otro insecto Mariposa
84%
Empresa tecnológica fundada por Bill Gates y Paul Allen Microsoft
84%
Auto protagonista de la película Cars McQueen
81%
Apellido del autor del Manifiesto del Partido Comunista y El capital Marx
78%
Concurso anual donde se juzga la belleza, opiniones y habilidades de mujeres de todo el mundo Miss Universo
78%
Musical de Broadway basado en las canciones de AꓭBA Mamma Mia
71%
Explorador portugués que dio nombre al estrecho que conecta los océanos Atlántico y Pacífico Magallanes
63%
Cultura prehispánica. Se extendió desde el sur de México al oriente de El Salvador Mayas
54%
Primera ministra del Reino Unido entre 1979 a 1990, conocida como "La Dama de Hiero" Margaret Thatcher
48%
Liga profesional de béisbol de los Estados Unidos (incluye un equipo canadiense) Major League of Baseball
45%
"Las Vegas" de Asia, antigua colonia portuguesa Macao
43%
Ciudad brasileña en medio del Amazonas, sólo se puede llegar a ella por aire o agua Manaos
27%
No se encontraron pruebas coincidentes
Distribución de puntuación
Porcentaje de gente con cada puntuación
Porcentaje por número respondido
Historial de tus puntuaciones
No has intentado esta prueba desde el último reinicio